Score 0/67 Timer 08:00
1 Play Today
% Correct
Venus
89.7%
Jupiter
88.8%
Mercury
86.7%
Neptune
84.3%
Doc
80.5%
Sleepy
80.4%
Sweden
77.6%
Dopey
77.5%
Joey
77.1%
Ross
77.1%
Zeus
76.9%
Grumpy
76.4%
Phoebe
75.5%
Toy Story
74.1%
Sneezy
72.7%
Kitchen
71.5%
Up
70.2%
Greece
69.1%
John
67.5%
Luke
64.9%
New York
63.8%
Toy Story 2
63.3%
United Kingdom
63.1%
Toy Story 3
61.4%
Brown University
60.8%
Belgium
59.2%
Turkey
58.3%
Neon
55%
Princeton University
54.4%
Luxembourg
53.7%
New Jersey
53.3%
Toy Story 4
51.3%
Connecticut
49.8%
Helium
47%
% Correct
Liechtenstein
46.3%
Xenon
45.5%
Finding Nemo
43.6%
Monsters, Inc.
43.4%
Cyprus
42.4%
Cornell University
41.5%
Study
38.8%
Dining Room
37.7%
The Incredibles
37.3%
Kosovo
36.9%
Montenegro
34%
Monsters University
30.8%
Finding Dory
30.7%
Liverpool
29.8%
Hermes
28.4%
Poseidon
28.2%
Incredibles 2
28.1%
Lounge
27.4%
Krypton
26.7%
Peter
24.8%
Inside Out
21.5%
Everton
20.9%
Norwich City
19.1%
Leicester City
18.6%
Timothy
18.1%
Jude
16.1%
Coco
14.9%
Titus
14.8%
Sheffield United
14.2%
Hebrews
14.1%
Demeter
13.4%
Philemon
12.1%
Burnley
9.3%
Come Together.
Have Fun.
All Virtual.
We all need to come together. Play Sporcle's virtual live trivia to have fun, connect with people, and get your trivia on. Join a live hosted trivia game for your favorite pub trivia experience done virtually. If a virtual private party is more your thing, go here for details.

You're not logged in!

Compare scores with friends on all Sporcle quizzes.
OR
Log In

Sporcle TV

Today on Sporcle TV


Watch our educational content, quiz creation guides, and fun videos on Sporcle TV.

Show Comments

Extras

Top Quizzes Today


Score Distribution

Paid Content

Your Account Isn't Verified!

In order to create a playlist on Sporcle, you need to verify the email address you used during registration. Go to your Sporcle Settings to finish the process.

Report this User

Report this user for behavior that violates our Community Guidelines.

Details: